|
|
|
|
| LEADER |
01501nam a22003497a 4500 |
| 001 |
mzk03001222410 |
| 003 |
CZ BrMZK |
| 005 |
20151103163518.0 |
| 007 |
ta |
| 008 |
091208s1725 gw fr|||||00| ||gerod |
| 040 |
|
|
|a BOA001
|b cze
|c BOA001
|
| 072 |
|
7 |
|a 094
|x Staré tisky
|2 Konspekt
|9 12
|
| 080 |
|
|
|a (0.068)094
|2 MRF
|
| 100 |
1 |
|
|a Perneder, Andreas,
|d 1500-1543
|7 mzk2010575902
|4 aut
|
| 245 |
1 |
0 |
|a Vollständige Nachricht von Testamentern und Codicillen :
|b nach des Autoris Tode durch und durch vebessert, auch mit einem Register derer Materien vesetzen /
|c Andreä Perneders, Chur-Fürstl. Bayerischen Raths und Secretarii ; von Wolfgang Hungern, J.U.D. und Professore zu Ingolstadt
|
| 260 |
|
|
|a Franckfurt ;
|a und Leipzig :
|b bey Carl Christoph Immig, Buchhändlern in Regenspurg,
|c 1725
|
| 300 |
|
|
|a [4], 171, [13] s. ;
|c 4°
|
| 500 |
|
|
|a Výzdoba: Titulní strana tištěna červeně a černě, nad impresem mědirytina (Fructus Respondet Labori), vlysy, iniciály, viněty
|
| 561 |
|
|
|a Provenience: [na vazbě] IMBVL 1725
|
| 655 |
|
7 |
|a staré tisky
|7 fd422076
|2 czenas
|
| 700 |
1 |
|
|a Hunger, Wolfgang,
|d 1533-1600
|4 aut
|
| 903 |
|
|
|a RP
|
| 910 |
|
|
|a BOE452
|b Mn
|
| 978 |
|
|
|b Immig, Carl Christoph
|a Regensburg
|c 1725
|
| 978 |
|
|
|b Immig, Carl Christoph
|a Frankfurt a.M.
|c 1725
|
| 978 |
|
|
|b Immig, Carl Christoph
|a Leipzig
|c 1725
|
| 984 |
|
|
|a Frankfurt nad Mohanem
|b Německo
|
| 984 |
|
|
|a Lipsko
|b Německo
|
| 984 |
|
|
|a Řezno
|b Německo
|
| 985 |
|
|
|a 1701-1750
|
| 990 |
|
|
|a BK
|
| 991 |
|
|
|k minorite
|